00989nam a2200241Ia 4500003000900000008004100009020001800050040001600068080001500084111010000099245016500199260003900364300001400403650004100417650003100458650003000489700002900519700003200548710004700580942000700627999001500634952009800649IN-BaIIA211028s9999 xx 000 0 eng d a0-471-31608-3 cIIA Library a524.5bMOL aSymposium on Molecules in the Galactic EnvironmentcUniversity of Virginiad1971 Nov. 4-797767 0aMolecules in the galactic environmentbproceedings of a symposium held in University of Virginia, November 4-7, 1971cedited by M. A. Gordon and Lewis E. Snyder aNew YorkbWiley-Intersciencec1973 axv, 475p. aAstronomy and astrophysics thesaurus aIntergalactic matter97768 aInterstellar matter91189 aGordon, M. A., ed.97769 aSynder, Lewis E., ed.97770 aNational Radio Astronomy Observatory97771 cBK c4450d4450 00104070aBANbBANcGENd1974-07-18l0o524.5/ MOLp4968r2021-11-05w1974-07-18yBK 18.95